Top 15 landen met Covid-19 sterfgevallen - 15 september 2021 - Statistieken

Algemene statistieken
  • Deze quiz is 7 keer genomen
  • De gemiddelde score is 10 van 25
Antwoordstatistieken
land % Correct
Duitsland
100%
Italië
100%
Brazilië
80%
Frankrijk
80%
India
80%
Rusland
80%
Spanje
80%
Verenigde Staten
80%
België
60%
Mexico
60%
Verenigd Koninkrijk
60%
Argentinië
40%
Indonesië
40%
Peru
40%
Colombia
20%
Bosnië en Herzegovina
0%
Bulgarije
0%
Georgië
0%
Hongarije
0%
Iran
0%
Noord-Macedonië
0%
Paraguay
0%
Slovenië
0%
Slowakije
0%
Tsjechië
0%
Geen overeenkomende quizzen gevonden
Scoreverdeling
Procent van Mensen met Elke Score
Percentiel versus Aantal Correcte Antwoorden
Uw Scoregeschiedenis
U heeft deze quiz nog niet genomen